000 00631cam a2200217 a 4500
001 1618909
005 20171215040953.0
008 951011s1996 maua 001 0 eng
010 _a 95075644
020 _a0669396176
040 _aDLC
_cDLC
_dDLC
041 _aeng
080 _a512.9
082 0 0 _a512.9 LAR
_220
100 1 _a36
101 _aMAT
245 1 0 _aCollege algebra :
_cRoland E. Larson, Robert P. Hostetler, Anne V. Hodgkins.
906 _a7
_bcbc
_corignew
_d2
_eopcn
_f19
_gy-gencatlg
942 _2ddc
_cBK
999 _c38968
_d38968